Proteccin̤ de datos personales del trabajador en el proceso de contratacin̤ facultades y lm̕ites de la actuacin̤ del empleador /

Detalles Bibliográficos
Autor principal: Cruz Villaln̤, Jess︢
Formato: eBook
Lenguaje:español
Publicado: Albacete: Editorial Bomarzo, 2019
Materias:
Acceso en línea:Acceso restringido

MARC

LEADER 00000nam a22000007a 4500
005 20200206120756.0
007 cr|||| ||||
008 200206s2019 es |||||s|||| 00||0 spa d
020 |a 978-84-17310-72-1 
035 |a 31053 
040 |a vLex 
090 |c 10134  |d 10134 
100 1 |a Cruz Villaln̤, Jess︢ 
245 1 0 |a Proteccin̤ de datos personales del trabajador en el proceso de contratacin̤  |h [Recurso electrn̤ico] :  |b facultades y lm̕ites de la actuacin̤ del empleador /  |c Jess︢ Cruz Villaln̤ 
256 |a Servicio en ln̕ea 
260 |a Albacete:  |b Editorial Bomarzo,  |c 2019 
300 |a 1 recurso electrn̤ico 
500 |a La normativa sobre proteccin̤ de datos personales plantea notables novedades en su impacto sobre lo laboral. El presente estudio aborda las especialidades de la proteccin̤ e instrumentos legales de garanta̕ de la privacidad del demandante de empleo en las fases previas a la contratacin̤. Si bien la normativa vigente presenta importantes reglas de proteccin̤, manifiesta tambiň innumerables carencias, provoca dificultades interpretativas y no ofrece suficiente seguridad jurd̕ica. Este libro intenta ofrecer soluciones interpretativas y hacer una llamada de atencin̤ acerca de la necesidad de perfeccionar la normativa laboral al respecto. 
506 1 |a Disponible solo en los productos indicados  |d vLex Global  |d vLex Global (Academic Edition, excluding Law Schools)  |d vLex Global (U.S. Academic Edition, Law Schools)  |d vLex Global (U.S. Academic Edition, excluding Law Schools)  |d vLex Global (Academic Edition, Law Schools) 
650 0 4 |a Derecho Laboral y Seguridad Social  |z Espaą 
740 0 |a vLex Libros (Servicio en ln̕ea) 
856 4 0 |u http://vlex.com/source/proteccion-de-datos-personales-del-trabajador-en-el-proceso-de-contratacion-facultades-y-limites-de-la-actuacion-del-empleador-31053  |z Acceso restringido 
942 |c BOOK 
999 0 |a Labor law and social security